[Event "Rhein Main op-B 17th"]
[Site "Bad Homburg"]
[Date "2014.06.19"]
[Round "3"]
[White "Martin, Lukas"]
[Black "Doossche, Carlo"]
[Result "1-0"]
[WhiteElo "1123"]
[BlackElo "1707"]
[PlyCount "57"]
[EventDate "2014.06.18"]
[EventType "swiss"]
[EventRounds "9"]
[EventCountry "GER"]
[SourceTitle "CBM 161 Extra"]
[Source "ChessBase"]
[SourceDate "2014.08.29"]
[SourceVersion "1"]
[SourceVersionDate "2014.08.29"]
[SourceQuality "1"]

1. d4 Nf6 2. c4 e6 3. Nc3 Bb4 4. Nf3 b6 5. Bg5 Bb7 6. e3 0-0 7. Bd3 c5 8. e4 cxd4 9. Nxd4 h6 10. Bh4 g5 11. Bg3 d6 12. 0-0 Nbd7 13. a3 Bxc3 14. bxc3 Ne5 15. f4 Nxd3 16. Qxd3 Nxe4 17. Be1 Rc8 18. Qh3 Kg7 19. f5 e5 20. f6+ Qxf6 21. Rxf6 Nxf6 22. Nf5+ Kg6 23. Ne7+ Kg7 24. Nxc8 Rxc8 25. Qd3 Ne4 26. a4 f5 27. a5 Ba6 28. axb6 Bxc4 29. Qxc4 1-0

[Event "BEL-ch op"]
[Site "Antwerp"]
[Date "2013.07.13"]
[Round "8"]
[White "Verbruggen, Samuel"]
[Black "Doossche, Carlo"]
[Result "1/2-1/2"]
[WhiteElo "1916"]
[BlackElo "1746"]
[PlyCount "116"]
[EventDate "2013.07.06"]
[EventType "swiss"]
[EventRounds "9"]
[EventCountry "BEL"]
[SourceTitle "CBM 155 Extra"]
[Source "ChessBase"]
[SourceDate "2013.08.26"]
[SourceVersion "1"]
[SourceVersionDate "2013.08.26"]
[SourceQuality "1"]

1. e4 e5 2. Nf3 Nc6 3. Bb5 a6 4. Ba4 Nf6 5. 0-0 Nxe4 6. d4 exd4 7. Re1 d5 8. c4 Be6 9. Ne5 Bd6 10. Nxc6 Bxh2+ 11. Kf1 Qh4 12. Qf3 0-0 13. Nxd4 Be5 14. Nf5 Bxf5 15. Qxf5 Bd4 16. g3 Qh1+ 17. Ke2 Qg2 18. Qf3 Qxf2+ 19. Qxf2 Bxf2 20. Rf1 Bd4 21. Rd1 Bf6 22. Kf3 Nc5 23. Bb3 Nxb3 24. axb3 dxc4 25. bxc4 Rad8 26. Rxd8 Rxd8 27. Nd2 Bxb2 28. Bxb2 Rxd2 29. Re1 f6 30. Bc1 Rc2 31. Bf4 Rc3+ 32. Ke4 Rxc4+ 33. Kd5 Rc3 34. Re7 h5 35. Bxc7 Kf8 36. Bd6 Rd3+ 37. Kc5 b6+ 38. Kc6 Kg8 39. Rb7 Rb3 40. Ra7 h4 41. gxh4 Rh3 42. Rxa6 Rxh4 43. Rxb6 Kf7 44. Rb7+ Kg6 45. Bf8 Rh7 46. Kd6 Kf5 47. Kd5 Rh8 48. Bd6 g5 49. Rb1 Re8 50. Rf1+ Kg6 51. Bc5 g4 52. Bd4 f5 53. Be5 Kg5 54. Bf4+ Kg6 55. Rc1 Rd8+ 56. Ke5 Re8+ 57. Kd5 Rd8+ 58. Ke5 Re8+ 1/2-1/2

[Event "BEL-ch op"]
[Site "Antwerp"]
[Date "2013.07.08"]
[Round "3"]
[White "T'Sas, Jan"]
[Black "Doossche, Carlo"]
[Result "1-0"]
[WhiteElo "2010"]
[BlackElo "1746"]
[PlyCount "25"]
[EventDate "2013.07.06"]
[EventType "swiss"]
[EventRounds "9"]
[EventCountry "BEL"]
[SourceTitle "CBM 155 Extra"]
[Source "ChessBase"]
[SourceDate "2013.08.26"]
[SourceVersion "1"]
[SourceVersionDate "2013.08.26"]
[SourceQuality "1"]

1. e4 e5 2. d4 exd4 3. Qxd4 Nc6 4. Qe3 b6 5. Nc3 Bc5 6. Qg3 Qf6 7. Nd5 Qd4 8. Nxc7+ Kf8 9. Nxa8 Nf6 10. Bd3 Bb4+ 11. Kf1 Ba6 12. Ne2 Bxd3 13. Qxd3 1-0

[Event "Lille Luce op 4th"]
[Site "Lille"]
[Date "2013.04.13"]
[Round "1"]
[White "Doossche, Carlo"]
[Black "Wallerand, Konrad"]
[Result "1-0"]
[WhiteElo "1731"]
[BlackElo "1941"]
[PlyCount "75"]
[EventDate "2013.04.13"]
[EventType "swiss"]
[EventRounds "9"]
[EventCountry "FRA"]
[SourceTitle "CBM 154 Extra"]
[Source "ChessBase"]
[SourceDate "2013.06.25"]
[SourceVersion "2"]
[SourceVersionDate "2013.06.25"]
[SourceQuality "1"]

1. c4 g5 2. g3 Bg7 3. Bg2 c5 4. Nc3 Nc6 5. Ne4 d6 6. Nxg5 Qa5 7. e3 Nb4 8. Be4 Nf6 9. Bb1 h6 10. Ne4 Be6 11. Qe2 Ng4 12. Nf3 0-0-0 13. 0-0 Qa6 14. d3 Rdg8 15. Nc3 Ne5 16. Nxe5 Bxe5 17. a3 Bh3 18. Re1 h5 19. d4 cxd4 20. exd4 Bxd4 21. Bf4 e5 22. axb4 Qxa1 23. Bf5+ Bxf5 24. Rxa1 exf4 25. Qf3 Rg4 26. Qd5 fxg3 27. Qxf5+ Kb8 28. hxg3 Rxg3+ 29. Kf1 Rg6 30. Nd5 Bxb2 31. Qxf7 Bxa1 32. Qxg6 a6 33. Qxd6+ Ka7 34. Qb6+ Kb8 35. Ne7 h4 36. c5 Ka8 37. c6 bxc6 38. Nxc6 1-0

[Event "Geraardsbergen op 25th"]
[Site "Geraardsbergen"]
[Date "2009.08.14"]
[Round "5"]
[White "Jans, Michael"]
[Black "Doossche, Carlo"]
[Result "1-0"]
[WhiteElo "2162"]
[BlackElo "1956"]
[PlyCount "45"]
[EventDate "2009.08.12"]
[EventType "swiss"]
[EventRounds "9"]
[EventCountry "BEL"]
[SourceTitle "CBM 132 Extra"]
[Source "ChessBase"]
[SourceDate "2009.11.03"]
[SourceVersion "1"]
[SourceVersionDate "2009.11.03"]
[SourceQuality "1"]

1. e4 e5 2. Nc3 Nf6 3. g3 d5 4. exd5 Nxd5 5. Bg2 c6 6. Qe2 Nxc3 7. Qxe5+ Qe7 8. Qxe7+ Bxe7 9. bxc3 0-0 10. d3 Re8 11. Be3 Nd7 12. Ne2 Ne5 13. h3 Ba3 14. Rb1 Re7 15. 0-0 Bf5 16. Rb3 Bd6 17. Nd4 Bg6 18. Rfb1 Nxd3 19. cxd3 Bxd3 20. Rd1 Bg6 21. Nxc6 Rxe3 22. fxe3 Bc5 23. Rxb7 1-0

[Event "Geraardsbergen op 25th"]
[Site "Geraardsbergen"]
[Date "2009.08.13"]
[Round "4"]
[White "Doossche, Carlo"]
[Black "Jossien, Jean"]
[Result "1-0"]
[WhiteElo "1956"]
[BlackElo "1605"]
[PlyCount "91"]
[EventDate "2009.08.12"]
[EventType "swiss"]
[EventRounds "9"]
[EventCountry "BEL"]
[SourceTitle "CBM 132 Extra"]
[Source "ChessBase"]
[SourceDate "2009.11.03"]
[SourceVersion "1"]
[SourceVersionDate "2009.11.03"]
[SourceQuality "1"]

1. c4 d6 2. d4 Nf6 3. Nc3 Nc6 4. e4 e5 5. Nge2 Bg4 6. f3 Bd7 7. Nd5 Nxd5 8. cxd5 Nxd4 9. Nxd4 exd4 10. Qxd4 c5 11. dxc6 bxc6 12. Be2 c5 13. Qc3 f6 14. Bc4 a6 15. a4 a5 16. 0-0 Qb6 17. Qd3 Kd8 18. b3 Be7 19. Bf4 Rf8 20. Rfd1 Kc7 21. Rd2 Rad8 22. Rad1 Be8 23. Be6 Bf7 24. Bxf7 Rxf7 25. Rc2 g5 26. Bg3 Kd7 27. Bf2 Ke8 28. Qd5 Qc7 29. Qe6 Qd7 30. Qd5 Kf8 31. Rxc5 dxc5 32. Qxd7 Rxd7 33. Rxd7 Kg7 34. Ra7 Bd8 35. Rxf7+ Kxf7 36. Bxc5 Bc7 37. Kf2 Ke6 38. g3 h5 39. h3 f5 40. exf5+ Kxf5 41. g4+ hxg4 42. hxg4+ Kf4 43. Be3+ Ke5 44. Bxg5 Kd4 45. Bf6+ Kd3 46. g5 1-0

[Event "Geraardsbergen op 25th"]
[Site "Geraardsbergen"]
[Date "2009.08.12"]
[Round "1"]
[White "Luminet, Denis"]
[Black "Doossche, Carlo"]
[Result "1-0"]
[WhiteElo "2197"]
[BlackElo "1956"]
[PlyCount "55"]
[EventDate "2009.08.12"]
[EventType "swiss"]
[EventRounds "9"]
[EventCountry "BEL"]
[SourceTitle "CBM 132 Extra"]
[Source "ChessBase"]
[SourceDate "2009.11.03"]
[SourceVersion "1"]
[SourceVersionDate "2009.11.03"]
[SourceQuality "1"]

1. e4 e5 2. f4 exf4 3. Nf3 d6 4. Bc4 h6 5. d4 g5 6. 0-0 Ne7 7. g3 Ng6 8. gxf4 gxf4 9. Nc3 Be7 10. Nd5 Bg5 11. Ne1 Be6 12. Qd3 Nc6 13. Ng2 Rg8 14. Kh1 Nce5 15. dxe5 Nxe5 16. Qc3 Nxc4 17. Qxc4 c6 18. Ngxf4 cxd5 19. Nxd5 Rc8 20. Qe2 Rg6 21. Bf4 Kf8 22. Rad1 Bxf4 23. Nxf4 Rf6 24. e5 Bc4 25. Qh5 Bxf1 26. exf6 Qxf6 27. Rxf1 Kg7 28. Qg4+ 1-0

[Event "Roux CREC op"]
[Site "Roux"]
[Date "2009.07.26"]
[Round "2"]
[White "Le Quang, Kim"]
[Black "Doossche, Carlo"]
[Result "1-0"]
[WhiteElo "2297"]
[BlackElo "1956"]
[PlyCount "35"]
[EventDate "2009.07.25"]
[EventType "swiss"]
[EventRounds "9"]
[EventCountry "BEL"]
[SourceTitle "EXT 2010"]
[Source "ChessBase"]
[SourceDate "2010.11.25"]
[SourceVersion "1"]
[SourceVersionDate "2010.11.25"]
[SourceQuality "1"]

1. b3 c5 2. Bb2 Nc6 3. e3 e6 4. Nf3 Nf6 5. c4 d6 6. d4 Be7 7. Nc3 0-0 8. d5 exd5 9. cxd5 Na5 10. Nd2 Re8 11. Be2 a6 12. a3 b5 13. b4 Nb7 14. 0-0 Bd7 15. e4 Qb6 16. Rb1 Qa7 17. Kh1 cxb4 18. axb4 1-0

[Event "Brasschaat op 01st"]
[Site "Brasschaat"]
[Date "2001.08.25"]
[Round "7"]
[White "Dorjbajar, Dolgorsvren"]
[Black "Doossche, Carlo"]
[Result "1-0"]
[WhiteElo "1657"]
[BlackElo "1803"]
[PlyCount "132"]
[EventDate "2001.08.19"]
[EventType "swiss"]
[EventRounds "7"]
[EventCountry "BEL"]
[SourceTitle "EXT 2017"]
[Source "ChessBase"]
[SourceDate "2016.10.25"]
[SourceVersion "1"]
[SourceVersionDate "2016.10.25"]
[SourceQuality "1"]

1. e4 e5 2. f4 exf4 3. Nf3 d5 4. exd5 Nf6 5. c4 c6 6. dxc6 Nxc6 7. Nc3 Bc5 8. Na4 Bd6 9. Be2 0-0 10. 0-0 a6 11. d4 Re8 12. Nc3 Bc7 13. d5 Ne7 14. Nd4 g5 15. h3 Bb6 16. Kh1 Nexd5 17. cxd5 Nxd5 18. Nf3 Nxc3 19. bxc3 h6 20. Qxd8 Bxd8 21. Bc4 Bf6 22. Nd4 Bd7 23. Bb2 Rac8 24. Bd5 Bxd4 25. cxd4 Rc2 26. Ba3 Bb5 27. Rfc1 Rd2 28. Rc7 Ree2 29. Rxf7 Bc6 30. Rf8+ Kg7 31. Bxc6 bxc6 32. Rg1 Rxd4 33. Rb8 Rdd2 34. Bf8+ Kg6 35. a3 f3 36. Bc5 fxg2+ 37. Kh2 Rc2 38. Ba7 Ra2 39. Rb3 Rac2 40. Rg3 Ra2 41. Bc5 Rac2 42. Ba7 Ra2 43. Rc3 Kh5 44. Bc5 Rec2 45. Rxc2 Rxc2 46. Bd6 c5 47. Rxg2 Rc3 48. Rg3 Rc2+ 49. Kg1 Kh4 50. Re3 c4 51. Bb4 Rc1+ 52. Kf2 Rc2+ 53. Kf1 Kh5 54. Rc3 Rh2 55. Kg1 Ra2 56. Rxc4 Kg6 57. Rc6+ Kh5 58. Rxa6 g4 59. hxg4+ Kxg4 60. Rxh6 Kg3 61. Be1+ Kf3 62. Rh3+ Ke4 63. Rc3 Kd4 64. Kf1 Rh2 65. Rc8 Ra2 66. Bb4 Ke3 1-0

[Event "Brasschaat op 01st"]
[Site "Brasschaat"]
[Date "2001.08.23"]
[Round "5"]
[White "Van Habberney, Guy"]
[Black "Doossche, Carlo"]
[Result "0-1"]
[WhiteElo "1725"]
[BlackElo "1803"]
[PlyCount "78"]
[EventDate "2001.08.19"]
[EventType "swiss"]
[EventRounds "7"]
[EventCountry "BEL"]
[SourceTitle "EXT 2017"]
[Source "ChessBase"]
[SourceDate "2016.10.25"]
[SourceVersion "1"]
[SourceVersionDate "2016.10.25"]
[SourceQuality "1"]

1. d4 d5 2. c4 e6 3. Nf3 Nf6 4. Nc3 c6 5. cxd5 exd5 6. Bg5 Be7 7. e3 h6 8. Bf4 0-0 9. h3 Be6 10. Bd3 Re8 11. 0-0 a6 12. a4 c5 13. dxc5 Bxc5 14. Rc1 Nbd7 15. Ne2 Bb4 16. Ned4 Nc5 17. Nxe6 Nxe6 18. Bh2 Rc8 19. Bf5 Rxc1 20. Qxc1 Nc5 21. Qd1 Qb6 22. Qd4 Nxa4 23. Qh4 Nxb2 24. Bf4 Ne4 25. Qg4 Nc4 26. Rd1 Bc3 27. Rxd5 Nf6 28. Qh4 Nxd5 29. Bg5 hxg5 30. Qxc4 Qc6 31. Qg4 Bf6 32. Bd7 Qc1+ 33. Kh2 Rd8 34. Bf5 a5 35. Qh5 a4 36. Qh7+ Kf8 37. Be4 Nc3 38. Qf5 Nxe4 39. Qxe4 a3 0-1

[Event "Brasschaat op 01st"]
[Site "Brasschaat"]
[Date "2001.08.21"]
[Round "3"]
[White "De Cock, Constant"]
[Black "Doossche, Carlo"]
[Result "1/2-1/2"]
[WhiteElo "1669"]
[BlackElo "1803"]
[PlyCount "66"]
[EventDate "2001.08.19"]
[EventType "swiss"]
[EventRounds "7"]
[EventCountry "BEL"]
[SourceTitle "EXT 2017"]
[Source "ChessBase"]
[SourceDate "2016.10.25"]
[SourceVersion "1"]
[SourceVersionDate "2016.10.25"]
[SourceQuality "1"]

1. e4 e5 2. Nf3 Nf6 3. Nxe5 d6 4. Nf3 Nxe4 5. d4 d5 6. Bd3 Be7 7. 0-0 Nc6 8. c4 Nb4 9. Be2 0-0 10. Nc3 Be6 11. a3 Nc6 12. c5 Bf6 13. Be3 Qe7 14. Qc2 Nxc3 15. bxc3 Nd8 16. Bd3 g6 17. Bh6 Re8 18. Rfe1 Bh8 19. Ng5 Qf6 20. Nf3 b6 21. h4 Qe7 22. h5 f5 23. hxg6 hxg6 24. Bf4 Nf7 25. Re2 Qf6 26. Qd2 Bd7 27. Ne5 Nxe5 28. Bxe5 Qh4 29. Rae1 Bxe5 30. Rxe5 Kf7 31. Rxe8 Rxe8 32. Rxe8 Bxe8 33. Qe3 Qe7 1/2-1/2

[Event "Brasschaat op 01st"]
[Site "Brasschaat"]
[Date "2001.08.19"]
[Round "1"]
[White "Teuwen, Jonas"]
[Black "Doossche, Carlo"]
[Result "1-0"]
[WhiteElo "1464"]
[BlackElo "1803"]
[PlyCount "25"]
[EventDate "2001.08.19"]
[EventType "swiss"]
[EventRounds "7"]
[EventCountry "BEL"]
[SourceTitle "EXT 2017"]
[Source "ChessBase"]
[SourceDate "2016.10.25"]
[SourceVersion "1"]
[SourceVersionDate "2016.10.25"]
[SourceQuality "1"]

1. e4 e5 2. f4 exf4 3. Nf3 Be7 4. Bc4 d6 5. 0-0 Be6 6. Bxe6 fxe6 7. d4 g5 8. c3 Qd7 9. Nxg5 h5 10. Bxf4 Nf6 11. Qb3 d5 12. Qxb7 Nc6 13. Qxa8+ 1-0

[Event "Antwerp League-ch Series A"]
[Site "Antwerp"]
[Date "1994.01.30"]
[Round "6"]
[White "Doossche, Carlo"]
[Black "Ooms, Andy"]
[Result "0-1"]
[WhiteElo "1843"]
[BlackElo "1941"]
[PlyCount "80"]
[EventDate "1993.09.26"]
[EventType "tourn"]
[EventRounds "9"]
[EventCountry "BEL"]
[SourceTitle "EXT 2021"]
[Source "ChessBase"]
[SourceDate "2020.10.23"]
[SourceVersion "1"]
[SourceVersionDate "2020.10.23"]
[SourceQuality "1"]

1. d4 Nf6 2. Nf3 e6 3. c4 c5 4. d5 b5 5. dxe6 fxe6 6. cxb5 a6 7. Bg5 axb5 8. e3 Qa5+ 9. Qd2 Ne4 10. Qxa5 Rxa5 11. Bd3 Bb7 12. 0-0 Na6 13. Nbd2 Nxd2 14. Nxd2 c4 15. Be2 Bb4 16. e4 0-0 17. Be3 Bc5 18. Bxc5 Nxc5 19. b4 cxb3 20. Nxb3 Nxb3 21. axb3 Rfa8 22. Rxa5 Rxa5 23. b4 Ra7 24. e5 Bc6 25. f4 Ra2 26. Bf3 Bxf3 27. Rxf3 Rb2 28. Rd3 Rxb4 29. g3 Rb2 30. Rxd7 Kf8 31. Rb7 h5 32. Rb8+ Kf7 33. Rb7+ Kg6 34. Re7 Kf5 35. Rxg7 b4 36. Re7 b3 37. h3 Rc2 38. Rf7+ Ke4 39. f5 b2 40. Rb7 Kxf5 0-1

[Event "Antwerp League-ch Series A"]
[Site "Antwerp"]
[Date "1993.11.14"]
[Round "3"]
[White "Doossche, Carlo"]
[Black "Luyckx, Wim"]
[Result "0-1"]
[WhiteElo "1843"]
[BlackElo "1975"]
[PlyCount "56"]
[EventDate "1993.09.26"]
[EventType "tourn"]
[EventRounds "9"]
[EventCountry "BEL"]
[SourceTitle "EXT 2021"]
[Source "ChessBase"]
[SourceDate "2020.10.23"]
[SourceVersion "1"]
[SourceVersionDate "2020.10.23"]
[SourceQuality "1"]

1. d4 Nf6 2. Nf3 e6 3. c4 c5 4. g3 cxd4 5. Nxd4 d5 6. Bg2 Be7 7. 0-0 0-0 8. Nc3 e5 9. Nf3 d4 10. Na4 Nc6 11. Ng5 Bf5 12. e4 Bg4 13. f3 Bd7 14. b3 Qc8 15. f4 Bg4 16. Bf3 Bxf3 17. Nxf3 exf4 18. Bxf4 Nxe4 19. Nxd4 Bf6 20. Nxc6 Qxc6 21. Rc1 Rad8 22. Qf3 Bd4+ 23. Kg2 g5 24. Rfe1 f5 25. Be3 g4 26. Qf4 Ng5+ 27. Kf1 Nh3 28. Qh6 Qf3+ 0-1

[Event "Antwerp League-ch Series A"]
[Site "Mechelen"]
[Date "1993.03.14"]
[Round "8"]
[White "Doossche, Carlo"]
[Black "Foulon, Greta"]
[Result "0-1"]
[WhiteElo "1897"]
[BlackElo "1948"]
[PlyCount "92"]
[EventDate "1992.11.21"]
[EventType "tourn"]
[EventRounds "9"]
[EventCountry "BEL"]
[SourceTitle "EXT 2021"]
[Source "ChessBase"]
[SourceDate "2020.10.23"]
[SourceVersion "1"]
[SourceVersionDate "2020.10.23"]
[SourceQuality "1"]

1. Nf3 Nf6 2. d4 g6 3. c4 Bg7 4. Nc3 0-0 5. e4 d6 6. g3 Nbd7 7. Bg2 e5 8. 0-0 exd4 9. Nxd4 Ne5 10. Qe2 Bg4 11. f3 Bd7 12. Be3 Kh8 13. Rfd1 Ng8 14. Nd5 c5 15. Nc2 a6 16. Nc3 Be6 17. Nd5 Ne7 18. Nf4 Bxc4 19. Qd2 Bb5 20. Na3 N5c6 21. Nxb5 axb5 22. Qxd6 Qxd6 23. Rxd6 Bxb2 24. Rb1 Bd4 25. Bxd4+ Nxd4 26. Rd7 Nec6 27. Rb2 c4 28. Nd5 Ra3 29. Rf2 Ne5 30. Rxb7 Nd3 31. Rd2 c3 32. Nxc3 Rxc3 33. h4 Rd8 34. Rxf7 b4 35. f4 Nc5 36. e5 Rc2 37. Rxc2 Nxc2 38. Rc7 Rd1+ 39. Kh2 Rd2 40. Rxc5 Ne3 41. Rc8+ Kg7 42. Rc7+ Kg8 43. Rb7 Rxg2+ 44. Kh3 h5 45. Rxb4 Rxa2 46. Rb1 Ng4 0-1

[Event "Antwerp League-ch Series A"]
[Site "Mechelen"]
[Date "1992.11.21"]
[Round "1"]
[White "Doossche, Carlo"]
[Black "Huyck, Walter"]
[Result "1/2-1/2"]
[WhiteElo "1897"]
[BlackElo "2009"]
[PlyCount "157"]
[EventDate "1992.11.21"]
[EventType "tourn"]
[EventRounds "9"]
[EventCountry "BEL"]
[SourceTitle "EXT 2021"]
[Source "ChessBase"]
[SourceDate "2020.10.23"]
[SourceVersion "1"]
[SourceVersionDate "2020.10.23"]
[SourceQuality "1"]

1. d4 d5 2. c4 e6 3. Nc3 Nf6 4. cxd5 exd5 5. e3 c6 6. Bd3 Bd6 7. Qc2 0-0 8. Bd2 Nbd7 9. Nf3 Re8 10. 0-0 Nf8 11. Rac1 Bg4 12. Ne1 Ne4 13. Nxe4 dxe4 14. Bxe4 Be2 15. Nf3 Bxf1 16. Kxf1 Qe7 17. Bd3 Rac8 18. Bc3 g6 19. Nd2 Bb4 20. Ne4 Bxc3 21. Qxc3 Nd7 22. g3 Nf6 23. Nxf6+ Qxf6 24. Bc4 Rc7 25. Kg2 Rce7 26. Bb3 Qf5 27. Qc2 Qxc2 28. Rxc2 Kg7 29. d5 cxd5 30. Bxd5 Rd8 31. e4 Rdd7 32. f3 Rc7 33. Rd2 Red7 34. Re2 b5 35. Kf2 a5 36. Ke3 a4 37. a3 Rc1 38. Kd3 Rdc7 39. Ba2 Rd1+ 40. Ke3 Rcc1 41. Bd5 Rc7 42. Kf4 Rdc1 43. Rd2 R1c2 44. Ke3 Rxd2 45. Kxd2 f5 46. Ba8 Kf6 47. exf5 Kxf5 48. Be4+ Ke5 49. Bb1 Kd4 50. Bd3 Kc5 51. h4 Rb7 52. Kc3 Re7 53. Be4 Rd7 54. Bd3 Rb7 55. g4 b4+ 56. axb4+ Rxb4 57. h5 gxh5 58. gxh5 h6 59. Be4 Rc4+ 60. Kd2 Kb4 61. Ke3 Rc5 62. f4 Kb3 63. f5 Kxb2 64. f6 a3 65. f7 Rc8 66. Bd5 a2 67. Bxa2 Kxa2 68. Kf4 Rf8 69. Kf5 Rxf7+ 70. Kg6 Rf1 71. Kxh6 Kb3 72. Kh7 Kc4 73. h6 Kd5 74. Kg7 Rg1+ 75. Kh8 Ke6 76. h7 Rb1 77. Kg7 Rb7+ 78. Kg8 Rb8+ 79. Kg7 1/2-1/2